| 000 | 00799cam a2200253 a 4500 | ||
|---|---|---|---|
| 001 | 000008273 | ||
| 005 | 20200929161324.0 | ||
| 008 | 920611s1990 sp 000 f spa | ||
| 020 | _a8433917943 | ||
| 040 |
_aDO-SdBNP _cDLC |
||
| 082 |
_a863.64 _bS211p |
||
| 100 | 1 |
_aSánchez-Ostiz, Miguel, _d1950- _922409 |
|
| 245 | 1 | 4 |
_aLos papeles del ilusionista / _cMiguel Sánchez-Ostiz. |
| 260 |
_aBarcelona : _bAnagrama, _cc1990. |
||
| 300 |
_a219 p. ; _c20 cm. |
||
| 490 | 1 |
_aNarrativas hispánicas _v94 |
|
| 504 | _aEdición revisada. | ||
| 586 | _aPremio Navarra de Novela, 1981. | ||
| 650 | 4 |
_aNovela española _91123 |
|
| 650 | 4 |
_aLiteratura española _9632 |
|
| 650 | 4 |
_aVida cotidiana _xNovela _913425 |
|
| 830 | 0 |
_aNarrativas hispánicas ; _v94. _921236 |
|
| 910 | _aCatalogación por copia / LC | ||
| 999 |
_c8044 _d8044 |
||